Kluby w Ekstraklasie 24/25 - Statystyki

Ogólne statystyki
  • Ten quiz został rozwiązany 369 razy
  • Średni wynik to 14 z 18
Statystyki odpowiedzi
Miejsce w
Na koniec sezonu
Odpowiedź % Poprawnych
1. Lech Poznań
99%
5. Legia Warszawa
99%
3. Jagiellonia
92%
17. Śląsk Wrocław
88%
4. Pogoń Szczecin
87%
14. Lechia Gdańsk
86%
2. Raków Częstochowa
82%
6. Cracovia
80%
7. Motor Lublin
79%
8. GKS Katowice
74%
18. Puszcza Niepołomice
74%
13. Widzew Łódź
74%
9. Górnik Zabrze
72%
16. Stal Mielec
71%
11. Korona Kielce
67%
10. Piast Gliwice
67%
12. Radomiak Radom
66%
15. Zagłębie Lubin
65%
Nie znaleziono quizów pasujących do podanych kryteriów
Rozkład punktacji
Procent ludzi z każdym wynikiem
Percentyl według liczby udzielonych odpowiedzi
Twoja historia wyników
Nie rozwiązałeś tego quizu